01120nam a22002657a 45000010005000000030006000050050017000110080041000280200018000690400029000870500017001160820013001331000024001462450053001702600044002233000049002674900029003165050008003455200370003535210020007235210020007436500025007637000032007887000034008207968FISKH20251210145454.0250815b cb ||||| |||| 00| 0 eng d a9781434217288 aFISKHbengcFISKHdFISKH aPZ7.G82764 A a741.5973 aGreenberger, Robert aArctic attack / cWritten by Robert Greenberger aMinnesota :bStone Arch Books , c2013. a47 pages : bcolor illustrations ;c19 cm .  aDC Super Heroes (Batman) aR  a"While researching the Arctic for a school project, Robin discovers that something is heating the glaciers--and it's not just global warming. With Batman's help, Robin discovers that the evil R?'s al Gh?l is behind the environmental disruption. The Dynamic Duo head to the Arctic to stop his evil plan and prevent an ecological disaster"-Unedited summary from book.8 a690 bLexile 8 aR bRaz-Plus  aSuperheroesvFiction aKruse, Jason eIllustrator  aLoughridge, LeeeIllustrator